THE PHYSICS ANF APPLICATION OF AMORPHOUS SEMICONDUCTORS (Record no. 568974)

000 -LEADER
fixed length control field 00356nam a22001337a 4500
020 ## - INTERNATIONAL STANDARD BOOK NUMBER
International Standard Book Number 0-12-464960-2
082 ## - DEWEY DECIMAL CLASSIFICATION NUMBER
Classification number 530.662 MAD'P
100 ## - MAIN ENTRY--PERSONAL NAME
Personal name MADAN, ARUN,SHAN, M. P
9 (RLIN) 58888
245 ## - TITLE STATEMENT
Title THE PHYSICS ANF APPLICATION OF AMORPHOUS SEMICONDUCTORS
260 ## - PUBLICATION, DISTRIBUTION, ETC.
Place of publication, distribution, etc. BOSTON
Name of publisher, distributor, etc. AP
Date of publication, distribution, etc. 1988
300 ## - PHYSICAL DESCRIPTION
Extent 545P
650 ## - SUBJECT ADDED ENTRY--TOPICAL TERM
Topical term or geographic name entry element AMORPHOUS SEMICONDUCTORS
9 (RLIN) 58889
942 ## - ADDED ENTRY ELEMENTS (KOHA)
Koha item type Book
Holdings
Withdrawn status Lost status Damaged status Not for loan Permanent Location Current Location Shelving location Date acquired Total Checkouts Full call number Barcode Date last seen Price effective from Koha item type
        College of Electrical & Mechanical Engineering (CEME) College of Electrical & Mechanical Engineering (CEME) General Stacks 07/17/2017   530.662 MAD'P CEME-2711 06/28/2021 06/28/2021 Book
© 2023 Central Library, National University of Sciences and Technology. All Rights Reserved.